000 00294nam a22001337a 4500
008 170313b xxu||||| |||| 00| 0 eng d
020 _a070609834092
041 _aeng
080 _a591
100 _a7
101 _aSHM
245 _aCHILDREN'S ATLAS OF WORLD WILDLIFE
_cMAPS
942 _2udc
_cBK
999 _c7735
_d7735